000 00231nam a22000977a 4500
999 _c16178
_d16178
003 OSt
008 200616b ||||| |||| 00| 0 eng d
100 _aJohn Ruskin
_94597
245 _aTime and tide by Weare and Tyne Book
942 _cBK